Food safety (Record no. 8860)
[ view plain ]
| 000 -LEADER | |
|---|---|
| fixed length control field | 00171nam a22000977a 4500 |
| 040 ## - CATALOGING SOURCE | |
| Transcribing agency | SK |
| 082 ## - DEWEY DECIMAL CLASSIFICATION NUMBER | |
| Classification number | 363 |
| 100 ## - MAIN ENTRY--AUTHOR NAME | |
| Personal name | BUNTONG BORARIN |
| 245 ## - TITLE STATEMENT | |
| Title | Food safety |
| 942 ## - ADDED ENTRY ELEMENTS (KOHA) | |
| Koha item type | សៀវភៅភាសាអង់គ្លេស |
No items available.